000 00409 a2200181 4500
245 _aEntreprise et comptabilité
300 _a241 p.
650 _aEntreprise // Comptabilité
650 _aComptabilité // Entreprise
300 _b30cm
100 _lFr
630 _a657 - Comptabilité
037 _a28409
037 _b1, Achat
650 _a6 - SCIENCES APPLIQUEES
999 _c41857
_d41857